000 00849naa a2200241 u 4500
001 06565
003 HDC
007 cr bn|---aauu|
008 210124e2008 xx | a z000 s eng d
040 _aHDC
100 _aTUN DR MAHATHIR BIN MOHAMAD
_96985
245 4 _aTHE 32 ND SESSION OF THE FOOD AND AGRICULTURE ORGANISATION CONFERENCE /
_cby TUN DR MAHATHIR BIN MOHAMAD
260 _a[No place] :
_b[publisher not identified],
_c2003
300 _a7 pages
336 _atext
_2rdacontent
337 _acomputer
_2rdamedia
338 _aonline resource
_2rdacarrier
650 _aBusiness industry
_96119
650 _aFood supply
_93374
856 _zRequest full-text at [email protected]
942 _2lcc
942 _cSPE
999 _c3889
_d3889